Green Building Digest: Timber (Record no. 100233)
[ view plain ]
| 000 -LEADER | |
|---|---|
| fixed length control field | 00715cam a2200229 4500 |
| 001 - CONTROL NUMBER | |
| control field | M99618 |
| 008 - FIXED-LENGTH DATA ELEMENTS--GENERAL INFORMATION | |
| fixed length control field | 000000n1995 000 0 eng u |
| 022 ## - INTERNATIONAL STANDARD SERIAL NUMBER | |
| International Standard Serial Number | 13573098 |
| 035 ## - SYSTEM CONTROL NUMBER | |
| System control number | (Sirsi) u104290 |
| 041 ## - LANGUAGE CODE | |
| Language code of text/sound track or separate title | 333.72 |
| 110 ## - MAIN ENTRY--CORPORATE NAME | |
| Corporate name or jurisdiction name as entry element | Association of Community Technical Aid Centres |
| 9 (RLIN) | 3833 |
| 245 ## - TITLE STATEMENT | |
| Title | Green Building Digest: Timber |
| 260 ## - PUBLICATION, DISTRIBUTION, ETC. | |
| Place of publication, distribution, etc. | Liverpool |
| Name of publisher, distributor, etc. | ACTAC |
| Date of publication, distribution, etc. | 1995 |
| 300 ## - PHYSICAL DESCRIPTION | |
| Extent | 17p ; 30cm. |
| 490 ## - SERIES STATEMENT | |
| Series statement | Green Building Digest |
| Volume/sequential designation | Issue No. 4 July 1995 |
| 650 ## - SUBJECT ADDED ENTRY--TOPICAL TERM | |
| Topical term or geographic name entry element | GREEN BUILDINGS |
| 650 ## - SUBJECT ADDED ENTRY--TOPICAL TERM | |
| Topical term or geographic name entry element | Environment |
| 9 (RLIN) | 6238 |
| 650 ## - SUBJECT ADDED ENTRY--TOPICAL TERM | |
| Topical term or geographic name entry element | BUILT ENVIRONMENT-BUILDING MATERIALS |
| 650 ## - SUBJECT ADDED ENTRY--TOPICAL TERM | |
| Topical term or geographic name entry element | ECO-FRIENDLY |
| 690 ## - LOCAL SUBJECT ADDED ENTRY--TOPICAL TERM (OCLC, RLIN) | |
| Topical term or geographic name as entry element | BUILT ENVIRONMENT-BUILDING MAINTENANCE AND REFURBISHMENT-BUILDING CONSERVATION |
| 942 ## - ADDED ENTRY ELEMENTS (KOHA) | |
| Suppress in OPAC | 0 |
| Withdrawn status | Lost status | Source of classification or shelving scheme | Damaged status | Not for loan | Home library | Current library | Shelving location | Date acquired | Total Checkouts | Full call number | Barcode | Date last seen | Copy number | Price effective from | Koha item type |
|---|---|---|---|---|---|---|---|---|---|---|---|---|---|---|---|
| Dewey Decimal Classification | London | London | Enquiry desk | 23/02/2000 | BOXED SET | 30058718 | 06/08/2019 | 1 | 06/08/2019 | Book |